| 000 | 00802nam a22001697a 4500 | ||
|---|---|---|---|
| 999 |
_c15212 _d15212 |
||
| 003 | OSt | ||
| 082 | _2631.75807 SIN/SI | ||
| 088 | _aT 107 | ||
| 100 |
_aVINOD KUMAR P. R _92782 |
||
| 245 | _aSimulation of the effects of land and vegetation management measures on runoff and sediment yield from a small watershed - a case study | ||
| 260 |
_aTavanur 2000 _bKelappaji College of Agricultural Engineering and Technology |
||
| 300 | _a140 | ||
| 500 | _aSimulation of the effects of land and vegetation management measures on runoff and sediment yield from a small watershed - a case study | ||
| 520 | _aSimulation of the effects of land and vegetation management measures on runoff and sediment yield from a small watershed - a case study | ||
| 700 |
_aEr. Xavier K. Jacob (Guide) _92455 |
||
| 942 | _cTH | ||